Normal view
MARC view
Entry Topical Term
001 - CONTROL NUMBER
- control field: 81265
003 - CONTROL NUMBER IDENTIFIER
- control field: OSt
005 - DATE AND TIME OF LATEST TRANSACTION
- control field: 20230331164501.0
008 - FIXED-LENGTH DATA ELEMENTS
- fixed length control field: 230331|| aca||aabn | a|a d
040 ## - CATALOGING SOURCE
- Original cataloging agency: OSt
- Transcribing agency: OSt
150 ## - HEADING--TOPICAL TERM
- Topical term or geographic name entry element: General
670 ## - SOURCE DATA FOUND
- Source citation: Work cat.: (OSt)157758: DESAI (R G) 81264, Information technology and economic growth, 2005